000 02608nam a22002297a 4500
005 20230130120042.0
008 230128b ||||| |||| 00| 0 eng d
020 _a9789354247170
040 _cAL
041 _aEnglish
082 _223
_a337
_bSALI
100 _aDominick Salvatore
_970132
245 _aInternational Economics: An Indian Adaptation
250 _a13.
260 _aNew Delhi
_bWiley India Pvt Ltd
_c2022
300 _axiv,723 p.
_bPB
_c25x20.2 cm.
365 _aABDI/0648/23
_b₹749.00
_c
_d₹999.00
_e25%
_f16-01-2023
520 _aThis comprehensive textbook on International Economics provides students up-to-date review of the field’s essential principles and theory. This book explains the concepts necessary to understand, evaluate, and address the economic problems and issues the nations of the world are currently facing, and are likely to face in the future. Balancing depth and accessibility, the text helps students identify the real-world relevance of the material through extensive practical applications and examples. TABLE OF CONTENTS 1 The Globalization of Indian and World Economy Part 1 International Trade Theory 2 The Law of Comparative Advantage 3 The Standard Theory of International Trade 4 Demand and Supply, Offer Curves, and the Terms of Trade 5 Factor Endowments and the Heckscher–Ohlin Theory 6 Economies of Scale, Imperfect Competition, and International Trade 7 Economic Growth and International Trade Part 2 International Trade Policy 8 Trade Restrictions: Tariffs 9 Nontariff Trade Barriers and the New Protectionism 10 Economic Integration: Customs Unions and Free Trade Areas 11 International Trade and Economic Development 12 International Resource Movements and Multinational Corporations Part 3 The Balance of Payments, Foreign Exchange Markets, And Exchange Rates 13 Balance of Payments 14 Foreign Exchange Markets and Exchange Rates 15 Exchange Rate Determination Part 4 Open-Economy Macroeconomics and The International Monetary System 16 The Price Adjustment Mechanism with Flexible and Fixed Exchange Rates 17 The Income Adjustment Mechanism and Synthesis of Automatic Adjustments 18 Open-Economy Macroeconomics: Adjustment Policies 19 Prices and Output in an Open Economy: Aggregate Demand and Aggregate Supply 20 Flexible versus Fixed Exchange Rates, the European Monetary System, and Macroeconomic Policy Coordination 21 The International Monetary System: Past, Present, and Future
650 _a International Economics
_970090
700 _aSALVATORE (Dominick)
_970091
942 _2ddc
_cBK
999 _c226466
_d226466